00859nam a22002177a 450000500170000001000150001702000270003203500130005903700130007208200120008510000270009724500780012426000420020227000720024430000290031650000190034594200260036499900170039095201270040795201070053420140909153919.0 aENG-110773 a9788183875592c1195.00 aEN-94305 bDBAD/PUB a320.954 aRamachandhra Reddy, G. aCrisis of governance :cby G. Ramachandhra Reddybmacro and micro level / aNew DelhibSerials Publicationsc2012 a4830/24, Prahlad street, Ansari Road, Darya GanjbNew Delhie110002 axxxviii,298p. c23cm(Hb) aIncludes index 2ddccENh320.954mRAM c88395d88395 001040718NFICaDBADbDBADd2014-09-08eDBAD/PUBg1195.00l0o320.954 RAMpEN-94305r2014-09-08 00:00:00t1v1195.00yEN 001040708NFICaBL4bBL4d2023-05-10g1195.00l0o320.954 RAMpEN-120326r2023-05-10 00:00:00t1yEN